000 00737nam a22002177a 4500
999 _c17479
_d17479
003 AR-CdUCM
008 190508b ||||| |||| 00| 0 spa d
040 _aMUNICIPALIDAD PROVINCIAL DEL CUSCO
_cBIBLIOTECA MUNICIPAL DEL CUSCO
082 _a985.009 /
_bD63
100 _aDeustua Pimentel, Carlos
_917511
245 _aBaquijano y Carrillo, Jose /
260 _aLima :
_bInca,
_c1964.
300 _a85 páginas ;
_c22 cm.
440 _aBiblioteca hombres del Perú
_937520
505 _aContenido : El peruano frente a la historia del Perú -- Francisco Pizarro -- Garcilaso de la Vega..
650 _aHistoria
_9136
650 _aLos primeros Peruanos
_937521
650 _aTestimonios
_9915
942 _2ddc
_cLIBROS
945 _arcc